小惑星の名の由来となった日本のフィクション作品 - Statistics

General Stats
  • This quiz has been taken 22 times
  • The average score is 2 of 12
Answer Stats
番号 名前 作品名 % Correct
697402 アオ (Ao) 『恋する小惑星』
42%
10160 トトロ (Totoro) 『となりのトトロ』
37%
7991 かぐや姫 (Kaguyahime) 『竹取物語』
32%
12796 仮面ライダー (Kamenrider) 『仮面ライダー』
26%
46737 アンパンマン (Anpanman) 『それいけ!アンパンマン』
26%
10353 桃太郎 (Momotaro) 『桃太郎』
16%
113405 糸守 (Itomori) 『君の名は。』
16%
18996 寅さん (Torasan) 『男はつらいよ』
11%
10162 一寸法師 (Issunboushi) 『一寸法師』
5%
15370 カンチ (Kanchi) 『東京ラブストーリー』
5%
15415 リカ (Rika) 『東京ラブストーリー』
5%
39809 フクちゃん (Fukuchan) 『フクちゃん』
0%
No matching quizzes found
Score Distribution
Percent of People with Each Score
Percentile by Number Answered
Your Score History
You have not taken this quiz